Hospodárenie škôl a školských zariadení
Škola a školské zariadenie ako príspevková organizácia. Rozpočet školy a školského zariadenia ako príspevkovej organizácie. Hospodárenie škôl a školských zariadení ako príspevkových organizácií. Pravidlá hospodárenia. Podnikateľská činnosť.
Salvato in:
| Autore principale: | |
|---|---|
| Natura: | Capitolo di libro |
| Lingua: | slovacco |
| Soggetti: | |
| Tags: |
Nessun Tag, puoi essere il primo ad aggiungerne!!
|
MARC
| LEADER | 00000naa$a2200000$$$4500 | ||
|---|---|---|---|
| 001 | 0075603 | ||
| 005 | 20231127101135.3 | ||
| 041 | 0 | |a slo | |
| 044 | |a SK | ||
| 245 | 1 | 0 | |a Hospodárenie škôl a školských zariadení |c Ingrid Veverková |
| 520 | |a Škola a školské zariadenie ako príspevková organizácia. Rozpočet školy a školského zariadenia ako príspevkovej organizácie. Hospodárenie škôl a školských zariadení ako príspevkových organizácií. Pravidlá hospodárenia. Podnikateľská činnosť. | ||
| 610 | 2 | 0 | |a školy |
| 610 | 2 | 0 | |a zariadenia školské |
| 610 | 2 | 0 | |a hospodárenie finančné |
| 610 | 2 | 0 | |a organizácie príspevkové |
| 610 | 2 | 0 | |a náklady |
| 100 | 1 | |a Veverková, Ingrid | |